1284 1608 1344 1114 1644 1100 1649 1723 1098 1640 1323 1485 1732 1351 1914 1448 1424 1046 1867 1556 1522 1948 1940 1362 1031 1296 1146 1004 1485 1873 1150 1597 1378 1342 1804 1755 1556 1496 1373 1532 1860 1761 1609 1885 1121 1493 1078 1847 1732 1701 1087 1861 1159 1138 1214 1938 1499 1080 1464 1202 1722 1857 1785 1257 1892 1051 1414 1623 1269 1105 1431 1558 1742 1038 1603 1791 1935 1125 1351 1235 1340 1222 1199 1327 1606 1954 1476 1968 1149 1424 1246 1077 1862 1900 1586 1456 1422 1680 1524 BCNSPRNW ULIB Ver.6.0+V

เปลี่ยนเป็นภาษาไทย

Change to English
 แสดงรายละเอียดบรรณานุกรม
  กลับหน้าหลัก

Brief Record : Get Marc (ISO 2709) : E-mail record : QR code < ปิดหน้าต่าง
LEADER : 00000nam 2200000uu 4500
001    13399114990
003     ULIB
008    120627s2553||||th 000 0 tha d
020    ^a9786160600885
090    ^aนว.^bท466ม 2553
100 0  ^atintin
245 00 ^a(ไม่) รู้ว่า (ไม่) รัก/^ctintin
250    ^aพิมพ์ครั้งที่ 2
260    ^aกรุงเทพฯ :^bแจ่มใส,^c2553
300    ^a202 หน้า
710 1  ^aแจ่มใส
945    ^p169^l0^i17086
995    ^aกัณชพร
999    ^aใช้งานได้ทุกระบบ
รายการนี้ยังไม่มีแท็ก
คุณยังไม่ได้ล็อกอิน คุณสามารถมีกิจกรรมร่วมกับเว็บไซต์ได้ แต่ต้องล็อกอินก่อน ::
  ล็อกอิน

รายการสื่อสารสนเทศ

ลำดับที่ ประเภท เลขเรียก/บาร์โค้ด สถานที่ สถานะ
1. นวนิยาย
นวนิยาย
นว. ท466ม 2553  
  Barcode: 17086
ห้องสมุดวิทยาเขตสวรรค์ประชารักษ์
►นวนิยาย
บนชั้น
  ขอยืม

BibComment


ยังไม่เคยถูกคอมเมนท์

คอมเมนท์ทรัพยากรรายการนี้
  คอมเมนท์: ไม่ รู้ว่า ไม่ ร..


 Copyright 2026. Bcnsprnw @Library